Carnivorous Animals - Sudden Death - Statistics

General Stats
  • This quiz has been taken 384 times
  • The average score is 9 of 16
Answers on the Grid
Answers color-coded by a green-red scale on the quiz's grid according to % correct below.
African elephant
Atlantic salmon
Bison
Bluefin tuna
Chinchilla
Dromedary
Dugong
Egyptian tortoise
Eurasian Lynx
Giraffe
Golden Eagle
Grass snake
Great crested newt
Green mamba
Greylag goose
Komodo dragon
Lemming
Leopard
Macaroni penguin
Moose
Northern pike
Orca
Polar bear
Red kangaroo
Rhinoceros
Spiny dogfish
Spotted hyena
Springbok
Three-toed sloth
Tiger shark
Wildebeest
Yak
 
Answer Stats
Answer % Correct
Polar bear
80%
Leopard
79%
Orca
76%
Spotted hyena
75%
Tiger shark
74%
Golden Eagle
73%
Komodo dragon
71%
Eurasian Lynx
70%
Green mamba
67%
Grass snake
55%
Bluefin tuna
50%
Northern pike
40%
Macaroni penguin
39%
Atlantic salmon
35%
Spiny dogfish
34%
Great crested newt
26%
No matching quizzes found
Score Distribution
Percent of People with Each Score
Percentile by Number Answered
Your Score History
You have not taken this quiz